00275nam a2200121Ia 45000030006000000080041000060400015000471000017000622450016000792600029000955460012001240050017001360STCL150530s9999 xx 000 0 und d aSTCLcSTCL aThomas Hardy aWoodlanders bCalicut Universityc1912 aEnglish20220125171042.0